00938 a2200217 4500003000500000005001700005010001600022020003300038040000900071082002000080100002800100245005200128260003100180300004000211505013800251650004400389942001200433999001900445952012900464952012700593Nust20230118125236.0 a 94042687 a0471044067 (acid-free paper) cNust00a650.0285436,KOE1 aKoegler, Scott,910698110aMultisite systems integration /cScott Koegler. aNew York :bWiley,cc1995. axxii, 250 p. :bill., map ;c24 cm. aPart 1: Plateform Considerations (Page-1), Part 2: System Specifics (Page-111), Part 3: Organization and Management (Page-209).  0aLocal area networks (Computer networks) 2ddccBK c176419d176419 00102ddc4070aMCSbMCScGENd2016-12-12o650.0285436,KOEpMCS27015r2016-12-08w2016-12-12yBKzAlmirah No.42, Shelf No.3 00102ddc4070aMCSbMCScGENd2016-12-12o650.0285436,KOEpMCS970r2016-12-08w2016-12-12yBKzAlmirah No.42, Shelf No.3